• 首页
  • 本馆介绍
  • 公告通知
  • 最新文献
  • 馆藏检索
  • 电子资源
  • 读者导购
  • 参考咨询
  • 我的图书馆
  • 登录
  • 详细信息显示
  • 放入我的书架
  • 预约/预借图书
  • 作者相关作品
  • 分类相关作品
  • 丛书相关作品
  • 出版社相关作品

书目信息

  • 表格格式
  • 工作单格式
  • 卡片格式
题名:
林语堂作品集
    
 
作者: 林语堂
分册:  
出版信息: 昆明   云南人民出版社  1999
页数: 505页
开本: 20cm
丛书名:
单 册:
中图分类: I25
科图分类:
主题词: 报告文学--中国 , 传记文学--中国
电子资源:
ISBN: 7-222-02563-4
000 00552nam0 2200205 450
001 2634079144
005 20260414095522.31
010    @a7-222-02563-4@dCNY24.00
100    @a20150116d1999 km y0chiy0120 ea
101 0  @achi
102    @aCN@b530000
200 1  @a林语堂作品集@Alin yu tang zuo pin ji@f林语堂@Flin yu tang
210    @a昆明@c云南人民出版社@d1999
215    @a505页@d20cm
606 0  @a报告文学@x中国
606 0  @a传记文学@x中国
690    @aI25@v4
701  0 @a林语堂@Alin yu tang
801  0 @aCN@bTSSF@c20150127
905    @aZUCC@dI25@e1338
    
    林语堂作品集/林语堂.-昆明:云南人民出版社,1999
    505页;20cm
    
    
    ISBN 7-222-02563-4:CNY24.00
    
●
相关链接 在E读中查询图书 在五车中查询图书 在当当中查询图书 在豆瓣中查询图书


正题名:林语堂作品集     索取号:I25/1338         预约/预借

序号 登录号 条形码 馆藏地/架位号 状态 备注
1 1442613   214426138   第一样本阅览室/ [索取号:I25/1338] 在馆    
唐山师范学院图书馆 欢迎您!
大连网信软件有限公司© 版权所有